[Event "Parachute-ch (Women) 30th"]
[Site "Dhaka"]
[Date "2009.02.27"]
[Round "6"]
[White "Amena, Khatun"]
[Black "Jahanara, Haque"]
[Result "0-1"]
[WhiteElo "1500"]
[BlackElo "1561"]
[PlyCount "102"]
[EventDate "2009.02.22"]
[EventType "tourn"]
[EventRounds "11"]
[EventCountry "BAN"]
[SourceTitle "EXT 2024"]
[Source "ChessBase"]
[SourceDate "2023.10.10"]
[SourceVersion "1"]
[SourceVersionDate "2023.10.10"]
[SourceQuality "1"]

1. d4 Nf6 2. Nf3 g6 3. Bg5 Bg7 4. e3 d6 5. h3 b6 6. Nbd2 Bb7 7. c3 Ne4 8. Bf4 Nd7 9. Bd3 Nxd2 10. Kxd2 c5 11. Qb3 Rc8 12. Ng5 d5 13. c4 e6 14. Rhe1 0-0 15. Rac1 cxd4 16. e4 Qf6 17. g3 e5 18. exd5 exf4 19. Ne4 Qd8 20. g4 Nc5 21. Nxc5 Rxc5 22. a4 f3 23. Be4 Bh6+ 24. Kd3 Bxc1 25. Rxc1 Qg5 26. Qd1 Re8 27. Rc2 Rcc8 28. Qxf3 Qe5 29. b3 a6 30. h4 Qd6 31. Kxd4 Qc5+ 32. Kd3 b5 33. axb5 axb5 34. h5 bxc4+ 35. bxc4 Qe7 36. Qe3 Ba6 37. f3 Rxc4 38. Rxc4 Qa3+ 39. Kd4 Qxe3+ 40. Kxe3 Bxc4 41. Kf4 Kg7 42. hxg6 hxg6 43. g5 f6 44. gxf6+ Kxf6 45. Kg4 Rd8 46. Kg3 Bxd5 47. Kf4 Bxe4 48. fxe4 Re8 49. Kf3 Kg5 50. Ke3 Kg4 51. Kd4 Kf4 0-1

[Event "Parachute-ch (Women) 30th"]
[Site "Dhaka"]
[Date "2009.02.24"]
[Round "3"]
[White "Amena, Khatun"]
[Black "Hossain, Farjana Annie"]
[Result "1-0"]
[WhiteElo "1500"]
[BlackElo "1864"]
[PlyCount "99"]
[EventDate "2009.02.22"]
[EventType "tourn"]
[EventRounds "11"]
[EventCountry "BAN"]
[SourceTitle "EXT 2024"]
[Source "ChessBase"]
[SourceDate "2023.10.10"]
[SourceVersion "1"]
[SourceVersionDate "2023.10.10"]
[SourceQuality "1"]

1. d4 g6 2. Bf4 Bg7 3. e3 d6 4. Nf3 Nd7 5. Be2 Ngf6 6. c4 0-0 7. Nc3 Nh5 8. Bg3 Re8 9. Qc2 e5 10. 0-0-0 Qe7 11. Bh4 Nhf6 12. h3 c6 13. d5 Nb6 14. g4 e4 15. Ne1 Kh8 16. Rd4 Qc7 17. Bxf6 Bxf6 18. Rxe4 Bd7 19. Rf4 Kg7 20. h4 Rac8 21. h5 Bg5 22. hxg6 fxg6 23. Re4 cxd5 24. Rxe8 Rxe8 25. cxd5 Qc5 26. Qd3 a6 27. Nc2 Qc8 28. Kd2 Bf6 29. f3 Qd8 30. f4 Kg8 31. f5 gxf5 32. gxf5 Qe7 33. Bh5 Rf8 34. e4 Qe5 35. b3 Kh8 36. Bg6 Qf4+ 37. Qe3 Qxe3+ 38. Nxe3 Rc8 39. Rxh7+ Kg8 40. Ncd1 Bg5 41. Rf7 Kh8 42. f6 Rb8 43. Rh7+ Kg8 44. f7+ Kf8 45. Rh8+ Kg7 46. Rxb8 Bc8 47. Kd3 Be7 48. Nf5+ Kxg6 49. Nxe7+ Kxf7 50. Nxc8 1-0

[Event "Parachute-ch (Women) 30th"]
[Site "Dhaka"]
[Date "2009.02.24"]
[Round "2"]
[White "Begum, Masuda"]
[Black "Amena, Khatun"]
[Result "1-0"]
[WhiteElo "1878"]
[BlackElo "1500"]
[PlyCount "129"]
[EventDate "2009.02.22"]
[EventType "tourn"]
[EventRounds "11"]
[EventCountry "BAN"]
[SourceTitle "EXT 2024"]
[Source "ChessBase"]
[SourceDate "2023.10.10"]
[SourceVersion "1"]
[SourceVersionDate "2023.10.10"]
[SourceQuality "1"]

1. d4 d5 2. Nf3 Bf5 3. Bf4 e6 4. e3 Nf6 5. c4 c6 6. Nc3 Nbd7 7. Qb3 Qc8 8. Rc1 Nb6 9. c5 Nbd7 10. Be2 Nh5 11. Bg5 f6 12. Bh4 g5 13. Nxg5 fxg5 14. Bxh5+ Bg6 15. Bxg6+ hxg6 16. Bxg5 Rh5 17. Bf4 e5 18. Qc2 Kf7 19. Bg3 exd4 20. exd4 Bh6 21. Rd1 Nf6 22. 0-0 Qd7 23. Qe2 Re8 24. Qd3 Rf5 25. Rfe1 Nh5 26. Be5 Nf4 27. Qf3 Ne6 28. Qh3 Rh5 29. Qf3+ Rf5 30. Qh3 Rh5 31. Qg4 Rg5 32. Qh4 Bf8 33. Ne2 Qd8 34. Nf4 Bg7 35. Bxg7 Nxg7 36. Rxe8 Nxe8 37. Qh8 Qe7 38. Qh3 Rf5 39. Qh7+ Ng7 40. Qxg6+ Kf8 41. Qg3 Rg5 42. Ng6+ Kf7 43. Nxe7 Rxg3 44. fxg3 Kxe7 45. h4 Ke6 46. g4 Ne8 47. h5 Nf6 48. h6 Nh7 49. Kh2 b6 50. cxb6 axb6 51. Kg3 c5 52. dxc5 bxc5 53. Kf4 d4 54. b3 Kf6 55. Rc1 Kg6 56. Rxc5 Kxh6 57. Rc6+ Kg7 58. Rc7+ Kg6 59. Rxh7 Kxh7 60. Ke4 Kg6 61. a4 Kg5 62. a5 Kxg4 63. a6 Kg3 64. a7 Kxg2 65. a8Q 1-0